000 00972nam a2200265 i 4500
003 DO-SdBNP
005 20230425113457.0
007 ta
008 220830e20162022|||aaobgrz||| 001 0 spa d
040 _aDO-SdBNP
_bspa
_cBNPHU
_erda
082 4 _222
_bR426c
110 1 _922040
_aRepública Dominicana
_bMinisterio de Cultura
245 1 0 _aDia Nacional del poeta :
_ben conmemoración del 166 aniversario del natalicio de la poeta Salomé Ureña, programa 21 de octubre de 2016
264 _aSanto Domingo :
_bBiblioteca Nacional Pedro Henríquez Ureña
_c2016
300 _a6 paginas. :
_c22 cm.
336 _2rdacontent
_atexto
_btxt
337 _2rdamedia
_asin mediación
_bn
338 _2rdacarrier
_avolumen
_bnc
590 _aInventariado 2023 / DG
600 4 _aBiblioteca Nacional Pedro Henríquez Ureña (República Dominicana)
_tCarta de Compromiso al Ciudadano
_y2018 - 2020
_982290
650 _980902
700 _978449
910 _aDG
942 _2ddc
_cLF2
999 _c53346
_d53346